På grensen mellom Bosnia og Serbia : FNs ICFY-Mission i tidligere Jugoslavia /
Saved in:
| Main Author: | |
|---|---|
| Format: | Book |
| Language: | Norwegian |
| Published: |
Oslo :
Solum,
1997.
|
| Subjects: | |
| Tags: |
Add Tag
No Tags, Be the first to tag this record!
|
| LEADER | 00874nam a2200277Ia 4500 | ||
|---|---|---|---|
| 001 | 007723231-3 | ||
| 005 | 20040514170428.0 | ||
| 008 | 040223s1997 no ab b 000 0 nor d | ||
| 020 | |a 8256011343 | ||
| 035 | 0 | |a ocm54467032 | |
| 040 | |a HLS |c HLS | ||
| 043 | |a e-ci--- |a e-yu--- | ||
| 050 | 4 | |a DR1313.7.C38 |b A94 1997 | |
| 090 | |a DR1313.7.C38 |b A94 1997 | ||
| 100 | 1 | |a Axelsen, Thorbjørn. | |
| 245 | 1 | 0 | |a På grensen mellom Bosnia og Serbia : |b FNs ICFY-Mission i tidligere Jugoslavia / |c Thorbjørn Axelsen. |
| 246 | 3 | 0 | |a På grensen |
| 260 | |a Oslo : |b Solum, |c 1997. | ||
| 300 | |a 96 p. : |b ill., 1 map ; |c 21 cm. | ||
| 504 | |a Includes bibliographical references (p. 90-92). | ||
| 650 | 0 | |a Yugoslav War, 1991-1995 |x Causes. | |
| 650 | 0 | |a Ethnic conflict |z Yugoslavia. | |
| 650 | 0 | |a Border patrols |z Serbia. | |
| 650 | 0 | |a Border patrols |z Croatia. | |
| 988 | |a 20040514 | ||
| 906 | |0 MH | ||


